[Event "TUR-ch (Women)"]
[Site "Ayvalik"]
[Date "2022.03.07"]
[Round "4"]
[White "Keskinler, Ela"]
[Black "Yurdakul, Didem Nuray"]
[Result "1-0"]
[WhiteElo "1364"]
[BlackElo "1804"]
[PlyCount "87"]
[EventDate "2022.03.05"]
[EventType "swiss"]
[EventRounds "9"]
[EventCountry "TUR"]
[SourceTitle "EXT 2023"]
[Source "ChessBase"]
[SourceDate "2022.10.05"]
[SourceVersion "1"]
[SourceVersionDate "2022.10.05"]
[SourceQuality "1"]

1. e4 c5 2. c3 d5 3. exd5 Qxd5 4. d4 g6 5. Na3 Bg7 6. Nb5 Na6 7. Be3 cxd4 8. Bxd4 Nf6 9. Bxa7 Qc6 10. Be3 0-0 11. Nf3 Bg4 12. Nbd4 Qc7 13. h3 Bd7 14. Be2 Rfd8 15. Qc1 Nd5 16. 0-0 Nc5 17. Rd1 Ne4 18. Bd3 Nef6 19. Nb5 Qc8 20. Ne5 Nxe3 21. Qxe3 Bxb5 22. Bxb5 Rxd1+ 23. Rxd1 e6 24. Bc4 Nd5 25. Bxd5 exd5 26. a3 Qe6 27. Ng4 Qc6 28. Qf3 Qb6 29. Rd2 h5 30. Ne3 d4 31. cxd4 Bxd4 32. Nd5 Qc5 33. Qd1 Be5 34. Nb4 Bf6 35. Rc2 Qf5 36. Qd5 Be5 37. Qxb7 Rd8 38. Qf3 Qd7 39. g4 hxg4 40. Qxg4 Qb7 41. Nc6 Qb3 42. Qe2 Re8 43. Nxe5 Rxe5 44. Rc8+ 1-0

[Event "TUR-ch (Women)"]
[Site "Ankara"]
[Date "2020.03.05"]
[Round "5"]
[White "Yurdakul, Didem Nuray"]
[Black "Kara, Gulce Nehir"]
[Result "0-1"]
[WhiteElo "1762"]
[BlackElo "1907"]
[PlyCount "80"]
[EventDate "2020.03.02"]
[EventType "swiss"]
[EventRounds "9"]
[EventCountry "TUR"]
[SourceTitle "CBM 195 Extra"]
[Source "ChessBase"]
[SourceDate "2020.05.31"]
[SourceVersion "1"]
[SourceVersionDate "2020.05.31"]
[SourceQuality "1"]

1. e4 c5 2. Nf3 e6 3. c3 Nf6 4. e5 Nd5 5. d4 cxd4 6. cxd4 b6 7. a3 Be7 8. Bd3 Ba6 9. 0-0 Bxd3 10. Qxd3 Nc6 11. Re1 h6 12. Nbd2 d6 13. Ne4 dxe5 14. dxe5 0-0 15. Bd2 Qd7 16. Ng3 f5 17. exf6 Bxf6 18. Rab1 Qf7 19. Qe4 Rae8 20. Qg4 Kh8 21. Ne4 Ne5 22. Nxe5 Bxe5 23. b4 Bd4 24. Re2 Qf5 25. Qh4 e5 26. Rb3 Nf4 27. Re1 Re6 28. Rf3 Kg8 29. Ng3 Qc2 30. Bxf4 Rxf4 31. Qd8+ Kh7 32. Rf1 Rxf3 33. gxf3 Rf6 34. Qa8 Qd3 35. Kg2 Qxa3 36. Qe4+ Kg8 37. Nf5 Qxb4 38. Rc1 Bc5 39. Qd5+ Kh7 40. Ne3 Bxe3 0-1

[Event "TUR-ch (Women)"]
[Site "Ankara"]
[Date "2020.03.02"]
[Round "1"]
[White "Yurdakul, Didem Nuray"]
[Black "Ikizler, Mualla Hatun"]
[Result "1-0"]
[WhiteElo "1762"]
[BlackElo "1286"]
[PlyCount "61"]
[EventDate "2020.03.02"]
[EventType "swiss"]
[EventRounds "9"]
[EventCountry "TUR"]
[SourceTitle "CBM 195 Extra"]
[Source "ChessBase"]
[SourceDate "2020.05.31"]
[SourceVersion "1"]
[SourceVersionDate "2020.05.31"]
[SourceQuality "1"]

1. e4 c5 2. Nf3 Nc6 3. Bb5 a6 4. Bxc6 bxc6 5. 0-0 g6 6. c3 Bg7 7. d4 c4 8. Qa4 Nf6 9. e5 Nd5 10. Qxc4 0-0 11. Nbd2 Rb8 12. Ne4 Nb6 13. Qe2 d6 14. Bf4 Bg4 15. exd6 Bxf3 16. Qxf3 Rb7 17. dxe7 Qxe7 18. Bd6 Qd8 19. Bxf8 Qxf8 20. Rfe1 Nc4 21. b3 Na3 22. Re2 Nb5 23. Nc5 Ra7 24. Qxc6 Ra8 25. Rae1 Nd6 26. Nd7 Rc8 27. Qd5 Qd8 28. Qxd6 Bf8 29. Qxf8+ Qxf8 30. Nxf8 Rxf8 31. Re8 1-0

[Event "TUR-chT Clubs"]
[Site "Konya"]
[Date "2019.07.16"]
[Round "1.8"]
[White "Yurdakul, Didem Nuray"]
[Black "Seyhan, Pelin"]
[Result "1-0"]
[WhiteElo "1779"]
[BlackElo "1333"]
[PlyCount "135"]
[EventDate "2019.07.16"]
[EventType "team-swiss"]
[EventRounds "9"]
[EventCountry "TUR"]
[SourceTitle "CBM 191 Extra"]
[Source "ChessBase"]
[SourceDate "2019.09.30"]
[SourceVersion "1"]
[SourceVersionDate "2019.09.30"]
[SourceQuality "1"]
[WhiteTeam "Canakkale Doruk"]
[BlackTeam "Ermenek Turkuaz Yelken"]
[WhiteTeamCountry "TUR"]
[BlackTeamCountry "TUR"]

1. e4 e6 2. d4 d5 3. Nd2 dxe4 4. Nxe4 Bd7 5. Nf3 Bc6 6. Bd3 Nd7 7. 0-0 Ngf6 8. Nxf6+ Nxf6 9. c3 Be7 10. Qe2 0-0 11. Bg5 Nd5 12. Bxe7 Qxe7 13. Qc2 g6 14. Ne5 Be8 15. Rfe1 Nf4 16. Be4 c6 17. Re3 Rd8 18. Rae1 f6 19. Nd3 Nxd3 20. Bxd3 Bf7 21. Bc4 Rfe8 22. Qb3 Rd6 23. f4 f5 24. d5 cxd5 25. Bxd5 b6 26. Bc4 Kf8 27. a4 Qd8 28. Qa3 Kg7 29. b4 Qc7 30. Qa2 Qc8 31. Qe2 Kf6 32. Rh3 Bg8 33. Qe5+ Ke7 34. Qg7+ Kd8 35. Bb5 Rd7 36. Bxd7 Qxd7 37. Qxd7+ Kxd7 38. Rd3+ Ke7 39. Red1 Rc8 40. Rd7+ Kf6 41. Rd8 Rxd8 42. Rxd8 Bf7 43. Ra8 a5 44. bxa5 bxa5 45. Rxa5 Be8 46. Kf2 g5 47. fxg5+ Kxg5 48. Ra8 Bc6 49. Ra6 Bd7 50. a5 h5 51. Rd6 Bc8 52. a6 e5 53. a7 Bb7 54. Rd8 Kf4 55. a8Q Bxa8 56. Rxa8 h4 57. c4 e4 58. g3+ hxg3+ 59. hxg3+ Kg4 60. c5 e3+ 61. Kxe3 Kxg3 62. Rg8+ Kh3 63. c6 Kh4 64. c7 Kh5 65. c8Q Kh4 66. Qc7 f4+ 67. Qxf4+ Kh5 68. Qg5# 1-0

[Event "Paracin Winter op"]
[Site "Paracin"]
[Date "2019.02.02"]
[Round "3"]
[White "Radojkovic, Stefan"]
[Black "Yurdakul, Didem Nuray"]
[Result "1-0"]
[WhiteElo "2022"]
[BlackElo "1817"]
[PlyCount "83"]
[EventDate "2019.01.31"]
[EventType "swiss"]
[EventRounds "9"]
[EventCountry "SRB"]
[SourceTitle "CBM 188 Extra"]
[Source "ChessBase"]
[SourceDate "2019.02.26"]
[SourceVersion "1"]
[SourceVersionDate "2019.02.26"]
[SourceQuality "1"]

1. Nf3 d5 2. g3 c6 3. Bg2 Bg4 4. d3 Nd7 5. Nbd2 Ngf6 6. c3 e5 7. Qc2 Be7 8. 0-0 0-0 9. b3 Re8 10. Bb2 Bf8 11. e4 dxe4 12. Nxe4 Nxe4 13. dxe4 b5 14. a4 Bc5 15. h3 Bh5 16. b4 Bf8 17. axb5 cxb5 18. Ra5 a6 19. g4 Bg6 20. Rfa1 Qc8 21. Qb3 Nb6 22. Nh4 Rd8 23. Nf5 Nc4 24. R5a2 Nd2 25. Qc2 Ra7 26. Bc1 Nc4 27. Be3 Ra8 28. Bf1 f6 29. Bxc4+ Qxc4 30. Bc5 Bxc5 31. bxc5 Qxc5 32. Rxa6 Rxa6 33. Rxa6 Bf7 34. Qc1 b4 35. Rc6 Qa5 36. cxb4 Qxb4 37. Rc8 Qf8 38. Rc7 Qb4 39. Rxf7 Qa4 40. Rxg7+ Kh8 41. Rxh7+ Kg8 42. Rg7+ 1-0

[Event "Wch U18 Girls"]
[Site "Porto Carras"]
[Date "2018.10.28"]
[Round "9.34"]
[White "Yurdakul, Didem Nuray"]
[Black "Mocanu, Valeria"]
[Result "0-1"]
[WhiteElo "1604"]
[BlackElo "1800"]
[PlyCount "82"]
[EventDate "2018.10.20"]
[EventType "swiss"]
[EventRounds "11"]
[EventCountry "GRE"]
[SourceTitle "CBM 187 Extra"]
[Source "ChessBase"]
[SourceDate "2018.11.04"]
[SourceVersion "1"]
[SourceVersionDate "2018.11.04"]
[SourceQuality "1"]

1. e4 e5 2. Nf3 Nc6 3. Bc4 Bc5 4. c3 Nf6 5. d4 exd4 6. e5 d5 7. Bb5 Ne4 8. cxd4 Bb6 9. h3 0-0 10. 0-0 f6 11. Be3 fxe5 12. Bxc6 exd4 13. Bxd5+ Qxd5 14. Nc3 Nxc3 15. bxc3 Bxh3 16. cxd4 Rxf3 17. Qxf3 Qxf3 18. gxf3 Bxf1 19. Kxf1 Rd8 20. Rd1 Rd5 21. Ke2 h5 22. f4 Kf7 23. Kd3 Kf6 24. f3 c6 25. a3 g6 26. Ke4 Ra5 27. Bc1 Ra4 28. Ke3 Kf5 29. Bb2 Bc7 30. d5 Bxf4+ 31. Kf2 cxd5 32. Rxd5+ Ke6 33. Rd8 Rc4 34. Re8+ Kf7 35. Re2 b5 36. Be5 Bxe5 37. Rxe5 a6 38. Re3 Kf6 39. Rd3 Rc6 40. Kg3 a5 41. Rd5 Rb6 0-1

[Event "Wch U18 Girls"]
[Site "Porto Carras"]
[Date "2018.10.27"]
[Round "8"]
[White "Miller, Rachel"]
[Black "Yurdakul, Didem Nuray"]
[Result "1-0"]
[WhiteElo "1859"]
[BlackElo "1604"]
[PlyCount "101"]
[EventDate "2018.10.20"]
[EventType "swiss"]
[EventRounds "11"]
[EventCountry "GRE"]
[SourceTitle "CBM 187 Extra"]
[Source "ChessBase"]
[SourceDate "2018.11.04"]
[SourceVersion "1"]
[SourceVersionDate "2018.11.04"]
[SourceQuality "1"]

1. e4 c5 2. Nf3 d6 3. d4 cxd4 4. Qxd4 a6 5. h3 Nc6 6. Qe3 g6 7. Be2 Bg7 8. 0-0 Nf6 9. c4 0-0 10. Nc3 e6 11. Rd1 Qc7 12. Rb1 Rd8 13. b3 Nd7 14. Bb2 Nde5 15. Rd2 b6 16. Rbd1 Rb8 17. Nh2 Na5 18. Ng4 Nxg4 19. hxg4 Bb7 20. g5 Rd7 21. Na4 Bxb2 22. Rxb2 Bc6 23. Nc3 b5 24. Rc2 Qb7 25. Nd5 exd5 26. exd5 Re7 27. dxc6 Nxc6 28. Qd2 b4 29. Bf3 Re5 30. Qxd6 Re6 31. Qf4 Rbe8 32. Rcd2 Qc8 33. Bg4 Re1+ 34. Rxe1 Rxe1+ 35. Kh2 Qf8 36. Qc7 h5 37. Bxh5 gxh5 38. Qxc6 Qe7 39. Qf6 Rh1+ 40. Kxh1 Qe1+ 41. Kh2 Qxd2 42. g6 fxg6 43. Qxg6+ Kf8 44. Qf5+ Kg7 45. c5 Qd4 46. Qxh5 Qf4+ 47. Kh3 Qc1 48. Qe5+ Kf7 49. Qd5+ Kf8 50. g3 Qe1 51. Kg2 1-0

[Event "Wch U18 Girls"]
[Site "Porto Carras"]
[Date "2018.10.21"]
[Round "2"]
[White "Arpita, Mukherjee"]
[Black "Yurdakul, Didem Nuray"]
[Result "1-0"]
[WhiteElo "2147"]
[BlackElo "1604"]
[PlyCount "53"]
[EventDate "2018.10.20"]
[EventType "swiss"]
[EventRounds "11"]
[EventCountry "GRE"]
[SourceTitle "CBM 187 Extra"]
[Source "ChessBase"]
[SourceDate "2018.11.04"]
[SourceVersion "1"]
[SourceVersionDate "2018.11.04"]
[SourceQuality "1"]

1. e4 c5 2. Nf3 d6 3. c3 Nf6 4. Be2 g6 5. 0-0 Bg7 6. Bb5+ Bd7 7. Bxd7+ Nbxd7 8. Re1 0-0 9. d4 cxd4 10. cxd4 Rc8 11. Nc3 a6 12. a4 Nb8 13. Qb3 b6 14. e5 Ng4 15. h3 Nh6 16. Nd5 dxe5 17. dxe5 Nd7 18. Bg5 Re8 19. Rad1 Kh8 20. Qb4 Ng8 21. e6 fxe6 22. Nf4 a5 23. Nxg6+ hxg6 24. Qh4+ Nh6 25. Bxh6 Rc5 26. Bxg7+ Kxg7 27. Qd4+ 1-0

[Event "Ohrid Lasker U20 op"]
[Site "Ohrid"]
[Date "2018.10.11"]
[Round "2"]
[White "Yurdakul, Didem Nuray"]
[Black "Ivanov, Andrey6666"]
[Result "1-0"]
[WhiteElo "1604"]
[BlackElo "1159"]
[PlyCount "123"]
[EventDate "2018.10.11"]
[EventType "swiss"]
[EventRounds "7"]
[EventCountry "MKD"]
[SourceTitle "CBM 186 Extra"]
[Source "ChessBase"]
[SourceDate "2018.08.24"]
[SourceVersion "1"]
[SourceVersionDate "2018.08.24"]
[SourceQuality "1"]

1. e4 e6 2. d4 d5 3. Nd2 c5 4. Ngf3 Nc6 5. exd5 Qxd5 6. Bc4 Qd6 7. Ne4 Qd7 8. Nxc5 Bxc5 9. dxc5 Qxd1+ 10. Kxd1 Nf6 11. Ke2 0-0 12. Rd1 h6 13. a3 Bd7 14. b4 Rfd8 15. Bb2 e5 16. Kf1 Ng4 17. h3 e4 18. hxg4 exf3 19. gxf3 h5 20. Rd5 Be6 21. Rxd8+ Rxd8 22. Bxe6 fxe6 23. Re1 Rd2 24. Re2 Rd1+ 25. Kg2 Kf7 26. Bc3 Nd4 27. Rd2 Rxd2 28. Bxd2 Nxc2 29. Bc1 Ne1+ 30. Kg3 Kg6 31. gxh5+ Kxh5 32. Bd2 Nc2 33. a4 Nd4 34. b5 Kg6 35. Kf4 Kf6 36. Ke4 e5 37. f4 Nb3 38. fxe5+ Ke6 39. Be3 g6 40. f4 Na5 41. Kd4 Nb3+ 42. Kc3 Na5 43. Kb4 b6 44. cxb6 axb6 45. Bxb6 Nb7 46. a5 g5 47. fxg5 Kxe5 48. a6 Kf5 49. axb7 Kxg5 50. b8Q Kf5 51. Qe8 Kf4 52. Qe3+ Kf5 53. Bd8 Kg4 54. b6 Kf5 55. b7 Kg4 56. b8R Kf5 57. Bc7 Kg4 58. Rg8+ Kf5 59. Rf8+ Kg6 60. Qg3+ Kh7 61. Rf1 Kh6 62. Rh1# 1-0

[Event "TUR-ch (Women)"]
[Site "Antalya"]
[Date "2018.03.05"]
[Round "1"]
[White "Yurdakul, Didem Nuray"]
[Black "Piskinpasa, Cagla"]
[Result "1-0"]
[WhiteElo "1782"]
[BlackElo "1139"]
[PlyCount "91"]
[EventDate "2018.03.05"]
[EventType "swiss"]
[EventRounds "9"]
[EventCountry "TUR"]
[SourceTitle "CBM 183 Extra"]
[Source "ChessBase"]
[SourceDate "2018.04.19"]
[SourceVersion "1"]
[SourceVersionDate "2018.04.19"]
[SourceQuality "1"]

1. e4 e5 2. Nf3 Nc6 3. d4 exd4 4. Bc4 Nf6 5. e5 d5 6. Bb5 Ne4 7. Nxd4 Bc5 8. Be3 Bxd4 9. Bxd4 Bd7 10. Bxc6 Bxc6 11. 0-0 Bb5 12. Re1 c5 13. Be3 0-0 14. f3 d4 15. Bxd4 Qxd4+ 16. Qxd4 cxd4 17. Rxe4 Rac8 18. Na3 Ba6 19. Rxd4 Rfe8 20. f4 Red8 21. Rad1 Rxd4 22. Rxd4 h6 23. c4 Kf8 24. b4 b6 25. Kf2 Ke7 26. b5 Bb7 27. Nc2 Rd8 28. Rxd8 Kxd8 29. Ne3 g6 30. Nd5 Kd7 31. Ke3 Ke6 32. Ke4 Ba8 33. g4 Bb7 34. f5+ Kd7 35. Kd4 g5 36. a4 Ke8 37. c5 bxc5+ 38. Kxc5 Kd7 39. a5 Kd8 40. e6 Ke8 41. a6 Ba8 42. Nc7+ Ke7 43. Nxa8 fxe6 44. fxe6 Kxe6 45. b6 axb6+ 46. Nxb6 1-0

[Event "Skopje U2200 op"]
[Site "Skopje"]
[Date "2017.12.09"]
[Round "4"]
[White "Krstic, Andrija Marko"]
[Black "Yurdakul, Didem Nuray"]
[Result "1-0"]
[WhiteElo "1927"]
[BlackElo "1763"]
[PlyCount "42"]
[EventDate "2017.12.07"]
[EventType "swiss"]
[EventRounds "7"]
[EventCountry "MKD"]
[SourceTitle "CBM 182 Extra"]
[Source "ChessBase"]
[SourceDate "2018.02.23"]
[SourceVersion "1"]
[SourceVersionDate "2018.02.23"]
[SourceQuality "1"]

1. d4 d5 2. c4 e6 3. Nc3 Nf6 4. Bg5 Be7 5. e3 0-0 6. Nf3 Nbd7 7. Rc1 Re8 8. Bd3 dxc4 9. Bxc4 c5 10. 0-0 cxd4 11. Nxd4 a6 12. Qe2 Nc5 13. Bb3 b5 14. Rcd1 Qb6 15. Bf4 Ncd7 16. Bg3 Nc5 17. Bc2 Bb7 18. f3 Red8 19. b4 Ncd7 20. a3 Nd5 21. Nxd5 Bxd5 1-0

[Event "Skopje U2200 op"]
[Site "Skopje"]
[Date "2017.12.07"]
[Round "1"]
[White "Yurdakul, Didem Nuray"]
[Black "Stanojevic, Ilija"]
[Result "0-1"]
[WhiteElo "1763"]
[BlackElo "2072"]
[PlyCount "42"]
[EventDate "2017.12.07"]
[EventType "swiss"]
[EventRounds "7"]
[EventCountry "MKD"]
[SourceTitle "CBM 182 Extra"]
[Source "ChessBase"]
[SourceDate "2018.02.23"]
[SourceVersion "1"]
[SourceVersionDate "2018.02.23"]
[SourceQuality "1"]

1. e4 e6 2. d4 d5 3. Nd2 Nc6 4. c3 e5 5. Ngf3 exd4 6. cxd4 Bg4 7. e5 f6 8. Be2 fxe5 9. dxe5 Bc5 10. 0-0 Nge7 11. Nb3 Bb6 12. Ng5 Bf5 13. e6 0-0 14. Bd3 Qd6 15. Qe2 Rae8 16. Kh1 h6 17. Nh3 Qxe6 18. Qxe6+ Bxe6 19. Nf4 Bf5 20. Bxf5 Rxf5 21. Bd2 Ne5 0-1

[Event "TUR-chT"]
[Site "Kocaeli"]
[Date "2017.08.02"]
[Round "8.4"]
[White "Yurdakul, Didem Nuray"]
[Black "Gundogan, Sinem Cagla"]
[Result "0-1"]
[WhiteElo "1697"]
[BlackElo "2000"]
[PlyCount "98"]
[EventDate "2017.07.26"]
[EventType "team-tourn"]
[EventRounds "13"]
[EventCountry "TUR"]
[SourceTitle "CBM 179 Extra"]
[Source "ChessBase"]
[SourceDate "2017.08.23"]
[SourceVersion "1"]
[SourceVersionDate "2017.08.23"]
[SourceQuality "1"]
[WhiteTeam "Mersin Zeka"]
[BlackTeam "Hatay Buyuksehir"]
[WhiteTeamCountry "TUR"]
[BlackTeamCountry "TUR"]

1. e4 e6 2. d4 d5 3. Nd2 dxe4 4. Nxe4 Nd7 5. Nf3 Ngf6 6. Ng3 Be7 7. Bd3 c5 8. c3 0-0 9. 0-0 b6 10. Qe2 Bb7 11. Bd2 Qc7 12. Rfe1 Rfe8 13. Rac1 Bd6 14. Ne5 Rad8 15. Bg5 Bxe5 16. dxe5 Qxe5 17. Qxe5 Nxe5 18. Bb5 Nd3 19. Bxe8 Rxe8 20. Bxf6 Nxc1 21. Rxc1 gxf6 22. Rd1 Kf8 23. Rd7 Bc6 24. Rxa7 Rd8 25. f3 Rd1+ 26. Kf2 Rd2+ 27. Kg1 Rxb2 28. Rc7 Bd5 29. Nh5 Bxa2 30. Nxf6 Bb1 31. Nd7+ Kg7 32. Ne5 Bg6 33. Rd7 Rc2 34. c4 Re2 35. Nc6 Kf6 36. h3 Rc2 37. Rb7 Rxc4 38. Rxb6 Rc2 39. Kh2 Bd3 40. Rb8 Be2 41. Kg1 Bd3 42. Rd8 c4 43. Nb4 Rc1+ 44. Kf2 Bg6 45. Rc8 c3 46. Rc6 c2 47. Ke2 Rg1 48. Nxc2 Rxg2+ 49. Kd1 Rxc2 0-1

[Event "TUR-chT"]
[Site "Kocaeli"]
[Date "2017.07.30"]
[Round "5.5"]
[White "Ayan, Bengu Sena"]
[Black "Yurdakul, Didem Nuray"]
[Result "1-0"]
[WhiteElo "1862"]
[BlackElo "1697"]
[PlyCount "69"]
[EventDate "2017.07.26"]
[EventType "team-tourn"]
[EventRounds "13"]
[EventCountry "TUR"]
[SourceTitle "CBM 179 Extra"]
[Source "ChessBase"]
[SourceDate "2017.08.23"]
[SourceVersion "1"]
[SourceVersionDate "2017.08.23"]
[SourceQuality "1"]
[WhiteTeam "Kahramanmaras Buyuksehir"]
[BlackTeam "Mersin Zeka"]
[WhiteTeamCountry "TUR"]
[BlackTeamCountry "TUR"]

1. d4 d5 2. c4 e6 3. Nf3 Nf6 4. g3 Be7 5. Bg2 0-0 6. 0-0 c6 7. Qc2 Nbd7 8. Nbd2 b6 9. e4 Bb7 10. b3 Rc8 11. e5 Ne8 12. Bb2 Rc7 13. Rac1 c5 14. Qb1 Qa8 15. Ba3 dxc4 16. bxc4 Qd8 17. Rfe1 cxd4 18. Bxe7 Qxe7 19. Nxd4 Bxg2 20. Kxg2 Nc5 21. N2b3 Rc8 22. Nxc5 Rxc5 23. Qe4 a6 24. a4 Qa7 25. f3 Nc7 26. Nb3 f5 27. exf6 Rf5 28. fxg7 Kxg7 29. Nd4 R5f6 30. Nc6 Qa8 31. Qg4+ Kh8 32. Ne5 Qe8 33. Qd4 Qa8 34. Re3 Qd8 35. Nf7+ 1-0

[Event "TUR-chT"]
[Site "Kocaeli"]
[Date "2017.07.28"]
[Round "3.5"]
[White "Yassibag, Ipek Asli"]
[Black "Yurdakul, Didem Nuray"]
[Result "0-1"]
[WhiteElo "1880"]
[BlackElo "1697"]
[PlyCount "94"]
[EventDate "2017.07.26"]
[EventType "team-tourn"]
[EventRounds "13"]
[EventCountry "TUR"]
[SourceTitle "CBM 179 Extra"]
[Source "ChessBase"]
[SourceDate "2017.08.23"]
[SourceVersion "1"]
[SourceVersionDate "2017.08.23"]
[SourceQuality "1"]
[WhiteTeam "Izmir Tas Duvar"]
[BlackTeam "Mersin Zeka"]
[WhiteTeamCountry "TUR"]
[BlackTeamCountry "TUR"]

1. e4 c5 2. d4 cxd4 3. c3 d3 4. Bxd3 Nc6 5. Nf3 d6 6. h3 g6 7. 0-0 Bg7 8. Qe2 Nf6 9. Bc4 0-0 10. Rd1 Qc7 11. Bf4 Nd7 12. Na3 a6 13. Nc2 b5 14. Bd5 Bb7 15. Rac1 Na5 16. Ne3 Rac8 17. c4 bxc4 18. b4 Nc6 19. Nxc4 Qb8 20. Nxd6 exd6 21. Bxc6 Rxc6 22. Rxc6 Bxc6 23. Bxd6 Qb7 24. Bxf8 Kxf8 25. Qc4 Bb5 26. Qb3 Bf6 27. Qc2 Bc6 28. Qd2 Be7 29. a3 Nf6 30. Qh6+ Kg8 31. e5 Bf8 32. Rd8 Ne8 33. Qe3 Be7 34. Rd3 Ng7 35. Qc1 Nf5 36. Qd2 Bb5 37. Rc3 Kf8 38. Qc2 Qb6 39. Qd2 Ng3 40. Rc8+ Kg7 41. Qb2 Ne2+ 42. Kh2 Qxf2 43. Rc7 Bg5 44. Rxf7+ Kxf7 45. Nxg5+ Ke7 46. Nf3 Bc6 47. Qc3 Nxc3 0-1

[Event "TUR-chT"]
[Site "Kocaeli"]
[Date "2017.07.26"]
[Round "1.6"]
[White "Duran, Esma Doga"]
[Black "Yurdakul, Didem Nuray"]
[Result "1-0"]
[WhiteElo "1939"]
[BlackElo "1697"]
[PlyCount "56"]
[EventDate "2017.07.26"]
[EventType "team-tourn"]
[EventRounds "13"]
[EventCountry "TUR"]
[SourceTitle "CBM 179 Extra"]
[Source "ChessBase"]
[SourceDate "2017.08.23"]
[SourceVersion "1"]
[SourceVersionDate "2017.08.23"]
[SourceQuality "1"]
[WhiteTeam "Istanbul Turk Hava"]
[BlackTeam "Mersin Zeka"]
[WhiteTeamCountry "TUR"]
[BlackTeamCountry "TUR"]

1. d4 d5 2. c4 e6 3. Nc3 Nf6 4. cxd5 exd5 5. Bg5 Be7 6. e3 c6 7. Qc2 0-0 8. Bd3 Nbd7 9. Nf3 Re8 10. 0-0 Nf8 11. h3 Ng6 12. Rab1 a5 13. a3 Bd6 14. Na4 h6 15. Bxf6 Qxf6 16. Nb6 Rb8 17. Nxc8 Rbxc8 18. Qa4 Ra8 19. Rfe1 Bc7 20. Qb3 Rab8 21. e4 Nf4 22. e5 Qe6 23. Bc2 Bd8 24. Qe3 Ng6 25. g4 Nh4 26. Nh2 f5 27. Re2 Rf8 28. Qd3 Bg5 1-0

[Event "TUR-ch (Women)"]
[Site "Aksu"]
[Date "2017.03.10"]
[Round "8"]
[White "Yurdakul, Didem Nuray"]
[Black "Sahin, Hayrun Nisa"]
[Result "1/2-1/2"]
[WhiteElo "1707"]
[BlackElo "1667"]
[PlyCount "82"]
[EventDate "2017.03.06"]
[EventType "swiss"]
[EventRounds "9"]
[EventCountry "TUR"]
[SourceTitle "CBM 177 Extra"]
[Source "ChessBase"]
[SourceDate "2017.04.27"]
[SourceVersion "1"]
[SourceVersionDate "2017.04.27"]
[SourceQuality "1"]

1. e4 c5 2. Nf3 g6 3. c3 Bg7 4. d4 cxd4 5. cxd4 d5 6. e5 Bg4 7. Bb5+ Nd7 8. 0-0 e6 9. Nbd2 Ne7 10. h3 Bxf3 11. Nxf3 0-0 12. Bxd7 Qxd7 13. b3 Rac8 14. Bb2 Nc6 15. Qd2 Qe7 16. Rfc1 h6 17. Rc3 Rc7 18. Rac1 Rfc8 19. R1c2 Nb8 20. Qc1 Na6 21. Ne1 Rxc3 22. Rxc3 Rxc3 23. Qxc3 Qc7 24. Nd3 Bf8 25. Kf1 Be7 26. Ke2 Qxc3 27. Bxc3 Kf8 28. Kd1 Ke8 29. Kc2 Kd7 30. b4 b5 31. Kb3 Nb8 32. Kc2 Nc6 33. Kd2 Bf8 34. Ke3 Be7 35. g3 Bf8 36. f3 Be7 37. f4 h5 38. g4 hxg4 39. hxg4 Bf8 40. Kf3 Be7 41. g5 Bf8 1/2-1/2